Formel 1 WM-Fahrerwertung 2024 - Statistiken

Allgemein
  • Dieses Quiz wurde 44 mal gespielt
  • Das Durchschnittsergebnis liegt bei 14 aus 24
Antwortstatistiken
Antwort % Korrekt
Norris
100%
Verstappen
100%
Leclerc
92%
Piastri
92%
Sainz
92%
Hamilton
90%
Russell
87%
Perez
79%
Alonso
72%
Hülkenberg
67%
Gasly
64%
Tsunoda
51%
Ocon
49%
Stroll
49%
Albon
44%
Magnussen
44%
Zhou
38%
Bottas
36%
Bearman
28%
Sageant
26%
Doohan
23%
Ricciardo
23%
Colapinto
21%
Lawson
21%
Keine übereinstimmenden Quizze gefunden
Verteilung der Resultate
Anzahl Personen mit jedem Resultat
Perzentil nach korrekt beantworteten Fragen
Ihre Resultats-Entwicklung
Sie haben dieses Quiz noch nicht gespielt